| 000 | 00486nam a2200181Ia 4500 | ||
|---|---|---|---|
| 001 | 22911 | ||
| 005 | 20260414150902.0 | ||
| 008 | 260414t2018||||xx |||||||||||||| ||spa|| | ||
| 041 | _aESP | ||
| 082 |
_a624.17 _bS21A 2018 |
||
| 100 |
_aSan Bartolomé Ramos, Ángel _eAUT |
||
| 245 | 0 |
_aDiseño y construcción de estructuras sismorresistentes de albañilería _b |
|
| 260 | _c2018 | ||
| 300 |
_a343 páginas : _c24 cm. |
||
| 650 | _a0 | ||
| 654 | _aCIC | ||
| 942 |
_cLIB _dJUS _fJUS _2ddc _n |
||
| 999 |
_c22911 _d22911 |
||